Options, Futures, and Other Derivatives / (Record no. 11203)
[ view plain ]
| 000 -LEADER | |
|---|---|
| fixed length control field | 01329nac a22002891u 4500 |
| 008 - FIXED-LENGTH DATA ELEMENTS--GENERAL INFORMATION | |
| fixed length control field | 090407t xxu||||| |||| 00| 0 eng d |
| 010 ## - LIBRARY OF CONGRESS CONTROL NUMBER | |
| LC control number | 2005047692 |
| 020 ## - INTERNATIONAL STANDARD BOOK NUMBER | |
| International Standard Book Number | 0136015867 |
| 020 ## - INTERNATIONAL STANDARD BOOK NUMBER | |
| International Standard Book Number | 9780136015864 |
| 035 ## - SYSTEM CONTROL NUMBER | |
| System control number | (OCoLC)ocm60321487 |
| 082 00 - DEWEY DECIMAL CLASSIFICATION NUMBER | |
| Classification number | 332.645 |
| Item number | HUL |
| Edition number | 20 |
| 100 ## - MAIN ENTRY--PERSONAL NAME | |
| Personal name | Hull, John, |
| 9 (RLIN) | 3231 |
| 245 10 - TITLE STATEMENT | |
| Title | Options, Futures, and Other Derivatives / |
| Statement of responsibility, etc | John C. Hull. |
| 250 ## - EDITION STATEMENT | |
| Edition statement | 7th ed. |
| 260 ## - PUBLICATION, DISTRIBUTION, ETC. (IMPRINT) | |
| Place of publication, distribution, etc | Upper Saddle River, N.J. : |
| Name of publisher, distributor, etc | Pearson/Prentice Hall,2006 |
| Date of publication, distribution, etc | 2008. |
| 300 ## - PHYSICAL DESCRIPTION | |
| Extent | xxii, 789 p. : |
| Other physical details | ill. ; |
| Dimensions | 26 cm + |
| Accompanying material | 1 CD-ROM (4 3/4 in.). |
| 504 ## - BIBLIOGRAPHY, ETC. NOTE | |
| Bibliography, etc | Includes bibliographical references and index. |
| 650 #0 - SUBJECT ADDED ENTRY--TOPICAL TERM | |
| Topical term or geographic name as entry element | Futures. |
| 9 (RLIN) | 3232 |
| 650 #0 - SUBJECT ADDED ENTRY--TOPICAL TERM | |
| Topical term or geographic name as entry element | Stock options. |
| 9 (RLIN) | 3233 |
| 650 #0 - SUBJECT ADDED ENTRY--TOPICAL TERM | |
| Topical term or geographic name as entry element | Derivative securities. |
| 9 (RLIN) | 3234 |
| 653 ## - INDEX TERM--UNCONTROLLED | |
| Resource For college | |
| 856 41 - ELECTRONIC LOCATION AND ACCESS | |
| Materials specified | Table of contents only |
| Uniform Resource Identifier | <a href="http://www.loc.gov/catdir/toc/fy0608/2005047692.html">http://www.loc.gov/catdir/toc/fy0608/2005047692.html</a> |
| 942 ## - ADDED ENTRY ELEMENTS (KOHA) | |
| Item type | Book - Borrowing |
| Call number prefix | 332.645HUL |
| Source of classification or shelving scheme | Dewey Decimal Classification |
| Withdrawn status | Item status | Source of classification or shelving scheme | Damaged status | Not for loan | Vendor | Home library | Current library | Shelving location | Date acquired | Source of acquisition | Cost, normal purchase price | Serial Enumeration / chronology | Total Checkouts | Total Renewals | Full call number | Barcode | Date last seen | Date last borrowed | Cost, replacement price | Koha item type | Public note |
|---|---|---|---|---|---|---|---|---|---|---|---|---|---|---|---|---|---|---|---|---|---|
| Dewey Decimal Classification | Baccah | Central Library | Central Library | First floor | 07/04/2009 | Purchase | 224.00 | 6993 | 9 | 54 | 332.645 HUL | 000015770 | 15/07/2025 | 25/02/2019 | 280.00 | Book - Borrowing | |||||
| Dewey Decimal Classification | Baccah | Central Library | Central Library | First floor | 26/04/2009 | 332.645 HUL | 000015562 | 24/08/2022 | CD | DVD - With book | DerivaGem Software | |||||||||||
| Lost and Paid For | Dewey Decimal Classification | Central Library | Central Library | First floor | 24/04/2012 | Purchase | 1 | 3 | 332.645 HUL | 000026671 | 18/11/2013 | 18/11/2013 | 280.00 | CD | DVD - With book |